म.गांधी (Record no. 113943)

MARC details
000 -LEADER
fixed length control field 00615nam a2200181Ia 4500
008 - FIXED-LENGTH DATA ELEMENTS--GENERAL INFORMATION
fixed length control field 090124s9999 xx 000 0 und d
082 ## - DEWEY DECIMAL CLASSIFICATION NUMBER
Item number 47566
100 ## - MAIN ENTRY--PERSONAL NAME
Personal name खाडिलकर नीलकंठ (संपादक नवाकाऴ)
245 ## - TITLE STATEMENT
Title म.गांधी
250 ## - EDITION STATEMENT
Edition statement 14
260 ## - PUBLICATION, DISTRIBUTION, ETC. (IMPRINT)
Date of publication, distribution, etc 14
300 ## - PHYSICAL DESCRIPTION
Extent 81+01
600 ## - SUBJECT ADDED ENTRY--PERSONAL NAME
Personal name खाडिलकर नीलकंठ (संपादक नवाकाऴ)
630 ## - SUBJECT ADDED ENTRY--UNIFORM TITLE
Uniform title म.गांधी
700 ## - ADDED ENTRY--PERSONAL NAME
Personal name खाडिलकर नीलकंठ (संपादक नवाकाऴ)
730 ## - ADDED ENTRY--UNIFORM TITLE
Uniform title म.गांधी
942 ## - ADDED ENTRY ELEMENTS (KOHA)
Koha item type Book

No items available.